000 00703nam a2200253Ia 4500
001 11031
003 GE_BSU
008 181216s||||||||xx |||||||||||||| ||und||
020 _a9785496002264
040 _cGE_BSU
080 _a159.923.2
100 _aРеан,А.А.
245 _aПсихология Личности
245 _cВед.ред:Е.Маслова;Художник:С.Маликова.
260 _aМосква.
260 _bПитер.
260 _c2013.
300 _a288стр,илл,24см.
300 _eБиблиогр:с.280-286
541 _h30л.
653 _aПсихология Личности
653 _aფსიქოლოგია
942 _cBK
999 _c44273
_d44273